=LDR 00000nam 2200000 4500 =001 INLIS000000000039927 =005 20130612145526 =008 ***********************************ind** =035 ##$$0010-061300000039927 =041 ##$$a ind =082 ##$$a 636.597 =090 ##$$a 636.597, rAN P =100 ##$$a RANTO =245 ##$$a Panduan lengkap berternak itik, Ranto, Maloedyn silanggang =260 ##$$a 2009 $b Jakarta =300 ##$$a Vi,170 Hlm, Ilus, 24 cm =650 ##$$a TERNAK ITIK =700 ##$$a SILANGGANG, Maloedin =850 ##$$a NBPNMAT